The company car (Record no. 79569)

MARC details
000 -LEADER
fixed length control field 00780nam a2200181 a 4500
008 - FIXED-LENGTH DATA ELEMENTS--GENERAL INFORMATION
fixed length control field 120416s1980 ||||||||||||||||| || u
050 ## - LIBRARY OF CONGRESS CALL NUMBER
Classification number HE 5613 Coo
100 ## - MAIN ENTRY--PERSONAL NAME
Personal name Cooke, Peter N. C
245 14 - TITLE STATEMENT
Title The company car
246 ## -
-- its allocation, acquisition and administration
260 ## - PUBLICATION, DISTRIBUTION, ETC.
Place of publication, distribution, etc. Farnborough
Name of publisher, distributor, etc. Gower
Date of publication, distribution, etc. 1980
350 ## -
-- 0.00
650 ## - SUBJECT ADDED ENTRY--TOPICAL TERM
Topical term or geographic name entry element TRANSPORTATION
650 ## - SUBJECT ADDED ENTRY--TOPICAL TERM
Topical term or geographic name entry element CARS, COMPANY FLEETS--MANAGEMENT
650 ## - SUBJECT ADDED ENTRY--TOPICAL TERM
Topical term or geographic name entry element MOTOR VEHICLE FLEETS--MANAGEMENT
995 ## -
-- MAIN LIBRARY OPEN ACCESS
-- 0.00
-- 703474
-- CBU-MAIN LIBRARY (Kitwe)
-- 2
-- 0.00
-- HE 5613 Coo
-- 2
-- AVAILABLE
-- 004820
-- Main Library Open Access Collection
995 ## -
-- MAIN LIBRARY OPEN ACCESS
-- 0.00
-- 703473
-- CBU-MAIN LIBRARY (Kitwe)
-- 1
-- 0.00
-- HE 5613 Coo
-- 1
-- AVAILABLE
-- 004819
-- Main Library Open Access Collection
999 ## -
-- 79569
-- 79569
Holdings
Withdrawn status Lost status Source of classification or shelving scheme Damaged status Not for loan Permanent Location Current Location Shelving location Date acquired Total Checkouts Full call number Barcode Date last seen Copy number Price effective from Koha item type
          CBU-MAIN LIBRARY, KITWE. CBU-MAIN LIBRARY, KITWE.   06/29/2023   HE 5613 Coo 004820 06/29/2023 1 06/29/2023 MONOGRAPH
          CBU-MAIN LIBRARY, KITWE. CBU-MAIN LIBRARY, KITWE.   06/29/2023   HE 5613 Coo 004819 06/29/2023 2 06/29/2023 MONOGRAPH